<?xml version="1.0" encoding="UTF-8"?>
<record
    xmlns:xsi="http://www.w3.org/2001/XMLSchema-instance"
    xsi:schemaLocation="http://www.loc.gov/MARC21/slim http://www.loc.gov/standards/marcxml/schema/MARC21slim.xsd"
    xmlns="http://www.loc.gov/MARC21/slim">

  <leader>01592cam a2200409 a 4500</leader>
  <controlfield tag="001">16293805</controlfield>
  <controlfield tag="003">OSt</controlfield>
  <controlfield tag="005">20150408114145.0</controlfield>
  <controlfield tag="008">100617s2011    nyua     bf   001 0 eng  </controlfield>
  <datafield tag="010" ind1=" " ind2=" ">
    <subfield code="a">  2010025697</subfield>
  </datafield>
  <datafield tag="020" ind1=" " ind2=" ">
    <subfield code="a">9780826118783 (pbk.)</subfield>
  </datafield>
  <datafield tag="020" ind1=" " ind2=" ">
    <subfield code="a">9780826118790 (ebook ISBN)</subfield>
  </datafield>
  <datafield tag="035" ind1=" " ind2=" ">
    <subfield code="a">(DNLM)101533617</subfield>
  </datafield>
  <datafield tag="040" ind1=" " ind2=" ">
    <subfield code="a">DNLM/DLC</subfield>
    <subfield code="c">DLC</subfield>
    <subfield code="d">DLC</subfield>
  </datafield>
  <datafield tag="042" ind1=" " ind2=" ">
    <subfield code="a">pcc</subfield>
  </datafield>
  <datafield tag="050" ind1="0" ind2="0">
    <subfield code="a">RT82.8</subfield>
    <subfield code="b">.C36 2011</subfield>
  </datafield>
  <datafield tag="060" ind1="1" ind2="0">
    <subfield code="a">WO 39</subfield>
    <subfield code="b">C198e 2011</subfield>
  </datafield>
  <datafield tag="082" ind1="0" ind2="0">
    <subfield code="a">610.73092</subfield>
    <subfield code="2">22</subfield>
    <subfield code="b">CTE</subfield>
  </datafield>
  <datafield tag="100" ind1="1" ind2=" ">
    <subfield code="a">Campo, Theresa M.</subfield>
    <subfield code="9">38312</subfield>
  </datafield>
  <datafield tag="245" ind1="1" ind2="0">
    <subfield code="a">Essential procedures for practitioners in emergency, urgent, and primary care settings /</subfield>
    <subfield code="c">Theresa M. Campo, Keith A. Lafferty.</subfield>
  </datafield>
  <datafield tag="260" ind1=" " ind2=" ">
    <subfield code="a">New York :</subfield>
    <subfield code="b">Springer Pub. Co.,</subfield>
    <subfield code="c">c2011.</subfield>
  </datafield>
  <datafield tag="300" ind1=" " ind2=" ">
    <subfield code="a">xvii, 313 p. :</subfield>
    <subfield code="b">ill. ;</subfield>
    <subfield code="c">26 cm.</subfield>
  </datafield>
  <datafield tag="504" ind1=" " ind2=" ">
    <subfield code="a">Includes bibliographical references and index.</subfield>
  </datafield>
  <datafield tag="650" ind1=" " ind2="0">
    <subfield code="a">Nurse practitioners</subfield>
    <subfield code="v">Handbooks, manuals, etc.</subfield>
    <subfield code="9">38313</subfield>
  </datafield>
  <datafield tag="650" ind1=" " ind2="0">
    <subfield code="a">Physicians' assistants</subfield>
    <subfield code="v">Handbooks, manuals, etc.</subfield>
    <subfield code="9">38314</subfield>
  </datafield>
  <datafield tag="650" ind1=" " ind2="0">
    <subfield code="a">Medical protocols</subfield>
    <subfield code="v">Handbooks, manuals, etc.</subfield>
    <subfield code="9">38315</subfield>
  </datafield>
  <datafield tag="650" ind1="1" ind2="2">
    <subfield code="a">Wounds and Injuries</subfield>
    <subfield code="x">therapy</subfield>
    <subfield code="v">Handbooks.</subfield>
    <subfield code="9">38316</subfield>
  </datafield>
  <datafield tag="650" ind1="2" ind2="2">
    <subfield code="a">Ambulatory Care</subfield>
    <subfield code="x">methods</subfield>
    <subfield code="v">Handbooks.</subfield>
    <subfield code="9">38317</subfield>
  </datafield>
  <datafield tag="650" ind1="2" ind2="2">
    <subfield code="a">Anesthesia</subfield>
    <subfield code="x">methods</subfield>
    <subfield code="v">Handbooks.</subfield>
    <subfield code="9">21363</subfield>
  </datafield>
  <datafield tag="650" ind1="2" ind2="2">
    <subfield code="a">Emergency Medical Services</subfield>
    <subfield code="x">methods</subfield>
    <subfield code="v">Handbooks.</subfield>
    <subfield code="9">38318</subfield>
  </datafield>
  <datafield tag="650" ind1="2" ind2="2">
    <subfield code="a">Nurse Practitioners</subfield>
    <subfield code="v">Handbooks.</subfield>
    <subfield code="9">38319</subfield>
  </datafield>
  <datafield tag="650" ind1="2" ind2="2">
    <subfield code="a">Physician Assistants</subfield>
    <subfield code="v">Handbooks.</subfield>
    <subfield code="9">38320</subfield>
  </datafield>
  <datafield tag="700" ind1="1" ind2=" ">
    <subfield code="a">Lafferty, Keith.</subfield>
    <subfield code="9">38321</subfield>
  </datafield>
  <datafield tag="906" ind1=" " ind2=" ">
    <subfield code="a">7</subfield>
    <subfield code="b">cbc</subfield>
    <subfield code="c">orignew</subfield>
    <subfield code="d">1</subfield>
    <subfield code="e">ecip</subfield>
    <subfield code="f">20</subfield>
    <subfield code="g">y-gencatlg</subfield>
  </datafield>
  <datafield tag="942" ind1=" " ind2=" ">
    <subfield code="2">ddc</subfield>
    <subfield code="c">DVD</subfield>
  </datafield>
  <datafield tag="999" ind1=" " ind2=" ">
    <subfield code="c">31480</subfield>
    <subfield code="d">265980</subfield>
  </datafield>
  <datafield tag="952" ind1=" " ind2=" ">
    <subfield code="1">0</subfield>
    <subfield code="2">2013-10-26</subfield>
    <subfield code="4">0</subfield>
    <subfield code="7">0</subfield>
    <subfield code="a">610.73092 CTE</subfield>
    <subfield code="d">2013-10-26</subfield>
    <subfield code="h">CL</subfield>
    <subfield code="i">00402156</subfield>
    <subfield code="m">CL</subfield>
    <subfield code="r">2013-10-26 00:00:00</subfield>
    <subfield code="t">BOOK</subfield>
    <subfield code="w">ddc</subfield>
    <subfield code="y">0</subfield>
  </datafield>
  <datafield tag="952" ind1=" " ind2=" ">
    <subfield code="1">0</subfield>
    <subfield code="2">2013-10-26</subfield>
    <subfield code="4">0</subfield>
    <subfield code="7">0</subfield>
    <subfield code="a">610.73092 CTE</subfield>
    <subfield code="d">2013-10-26</subfield>
    <subfield code="h">CL</subfield>
    <subfield code="i">00402157</subfield>
    <subfield code="m">CL</subfield>
    <subfield code="r">2013-10-26 00:00:00</subfield>
    <subfield code="t">BOOK</subfield>
    <subfield code="w">ddc</subfield>
    <subfield code="y">0</subfield>
  </datafield>
  <datafield tag="952" ind1=" " ind2=" ">
    <subfield code="1">0</subfield>
    <subfield code="2">2013-10-26</subfield>
    <subfield code="4">0</subfield>
    <subfield code="7">0</subfield>
    <subfield code="a">610.73092 CTE</subfield>
    <subfield code="d">2013-10-26</subfield>
    <subfield code="h">CL</subfield>
    <subfield code="i">00402158</subfield>
    <subfield code="m">CL</subfield>
    <subfield code="r">2013-10-26 00:00:00</subfield>
    <subfield code="t">BOOK</subfield>
    <subfield code="w">ddc</subfield>
    <subfield code="y">0</subfield>
  </datafield>
  <datafield tag="952" ind1=" " ind2=" ">
    <subfield code="1">0</subfield>
    <subfield code="2">2013-10-26</subfield>
    <subfield code="4">0</subfield>
    <subfield code="7">0</subfield>
    <subfield code="a">610.73092 CTE</subfield>
    <subfield code="d">2013-10-26</subfield>
    <subfield code="h">AMF</subfield>
    <subfield code="i">00402159</subfield>
    <subfield code="m">AMF</subfield>
    <subfield code="r">2013-10-26 00:00:00</subfield>
    <subfield code="t">BOOK</subfield>
    <subfield code="w">ddc</subfield>
    <subfield code="y">0</subfield>
  </datafield>
  <datafield tag="952" ind1=" " ind2=" ">
    <subfield code="1">0</subfield>
    <subfield code="2">2013-10-26</subfield>
    <subfield code="4">0</subfield>
    <subfield code="7">0</subfield>
    <subfield code="a">610.73092 CTE</subfield>
    <subfield code="d">2013-10-26</subfield>
    <subfield code="h">AMF</subfield>
    <subfield code="i">00402160</subfield>
    <subfield code="m">AMF</subfield>
    <subfield code="r">2013-10-26 00:00:00</subfield>
    <subfield code="t">BOOK</subfield>
    <subfield code="w">ddc</subfield>
    <subfield code="y">0</subfield>
  </datafield>
</record>
